Capitalism, culture, and economic regulation (Record no. 380373)

000 -LEADER
fixed length control field 00439cam a22001457a 4500
008 - FIXED-LENGTH DATA ELEMENTS--GENERAL INFORMATION
fixed length control field 180718b1989 xxu||||| |||| 00| 0 eng d
082 ## - DEWEY DECIMAL CLASSIFICATION NUMBER
Classification number U2x4 H191
245 ## - TITLE STATEMENT
Title Capitalism, culture, and economic regulation
Statement of responsibility, etc. edited by Leigh Hancher and Michael Moran
260 ## - PUBLICATION, DISTRIBUTION, ETC.
Place of publication, distribution, etc. Oxford
Name of publisher, distributor, etc. Clarendon
Date of publication, distribution, etc. 1989
300 ## - PHYSICAL DESCRIPTION
Extent 314p.
650 ## - SUBJECT ADDED ENTRY--TOPICAL TERM
Topical term or geographic name entry element Capitalism - Europe
650 ## - SUBJECT ADDED ENTRY--TOPICAL TERM
Topical term or geographic name entry element Trade regulation - Europe
700 ## - ADDED ENTRY--PERSONAL NAME
Personal name Moran, Moran
700 ## - ADDED ENTRY--PERSONAL NAME
Personal name Hancher, Leigh
Holdings
Withdrawn status Lost status Damaged status Not for loan Permanent Location Current Location Date acquired Full call number Barcode Date last seen Price effective from Koha item type
        Indian Institute of Public Administration Indian Institute of Public Administration 1996-12-05 U2x4 H191 71518 2018-07-21 2018-07-21 Book

Powered by Koha